000 01527nam a2200277Ia 4500
999 _c5078
_d5078
003 OSt
005 20200515142607.0
008 191128s1972 ck gr 000 0 spa d
040 _aCO-JMCR
_cCO-JMCR
041 0 _aspa
082 0 4 _a309.1861 /
_bR535u
_223
100 1 _aRichter, Charles,
_eautor
_94391
245 1 4 _aUna clasificación de los departamentos y ciudades de Colombia según sus niveles de desarrollo socioeconómico /
_cCharles Richter, Alejandro Leon R., Julio Roberto Sierra A., Nancy Tirado C.
260 _aBogotá :
_bUniversidad de los Andes. Centro de Estudios sobre desarrollo económico,
_c1979
300 _a48 páginas ;
_c28 cm.
490 0 _aDocumento CEDE ;
_v56
505 _aEl índice para departamentos basado en datos censales, 1951, 1964, 1973 -- El índice para departamentos basado en datos recopilados por el departamento nacional de planeación, 1970 y 1974
520 _aEl Centro de estudios sobre desarrollo económico CEDE es una parte integral de la Facultad de Economíaa de la Universidad de Los Andes, a través de la cual se realizan investigaciones cintíficas, complemento y fundamento de la actividad docente.
650 1 4 _aIndicadores de desarrollo
_xIndicadores sociales
_94392
650 2 4 _aPlanificación regional
_xDesarrollo económico
_94393
650 2 4 _asocial Regionalización
_94394
700 1 _aLeon R., Alejandro,
_eautor
_94395
700 1 _aSierra A., Julio Roberto,
_eautor
_94396
700 1 _aTirado C., Nancy,
_eautor
_94397
942 _2ddc
_cBK